Подлинный проезжий лист, данный в феврале 1697 года комнатному стольнику Василию Петровичу Шереметеву Большому, командированному...

Доступно только в Электронных читальных залах Найти на картеНа карте
RUSMARC
00004180nmc2a22002773x 450
001eba5f893-ef43-4bf2-ac88-964263bfeed4
00520230909080909.0
100##$a20230511l16971697k l0rusy0189 ca
1010#$arus
$alat
102##$aRU
105##$ao###
1222#$ad
2001#$aПодлинный проезжий лист, данный в феврале 1697 года комнатному стольнику Василию Петровичу Шереметеву Большому, командированному за границу для изучения военного дела, с заставкой, писанной золотом и государственной печатью
$jфевраль 1697 г.
215##$a2 л.
$cорнам.
$d49х72 см
251##$cДело
300##$aШереметевы дворяне. Петр Васильевич Большой Шереметев (1690), его дети и внук
300##$aПечать под бумажной кустодией
300##$aНа особом листе
300##$aНа русском и латинском языках
371##$aДокумент не является опубликованным и широко распространяемым
461#0$100198b93a77-94f0-46bb-a7e0-b5027cc72a67
$12001
$aШереметевы, графы
$1251
$cФонд
$1852
$j1088
462#0$1001d3ce280e-361b-49f4-86d2-e1a120f828b4
$12001
$aЛичные документы, переписка и документы, связанные со служебной и общественной деятельностью графов Бориса Петровича, Петра Борисовича, Николая Петровича и Дмитрия Шереметевых
$1251
$cОпись
$1852
$j1
801#0$aRU
$bРГИА
$c20230511
$gRCR
801#1$aRU
$bГлавНИВЦ
$c20230511
$2rusmarc
801#2$aRU
$bПБ им. Б.Н. Ельцина
$c20230909
$gRCR
$2rusmarc
850##$aРГИА
852##$aРГИА
$eФедеральное казенное учреждение "Российский государственный исторический архив" (РГИА)
$j710
937##$hРГИА
$d12399720
$aASBIBLIO_SCAN
035##$aRusGRCC00060217
856##$uhttp://readingroom.main.prlib.ru/item.aspx?id_node=n187461514&mode=full
Формат отображения